000 00561nam a2200217Ia 4500
003 OSt
005 20220928143033.0
006 a|||||r|||| 00| 0
007 ta
008 220927b |||||||| |||| 00| 0 eng d
024 _a20560
037 _cTextual
040 _aSDCL
_cSDCL
_beng
041 _2eng
_aeng
082 _aB6:3, L8
100 _aHelgason Sigurdur
_9479578
245 0 _aDifferential geometry lie groups, and symmetric spaces.
260 _c1978
942 _hB6:3, L8
_cTEXL
_2CC
999 _c822673
_d822673